000 00806nam a2200265Ia 4500
003 OSt
005 20220916110915.0
006 a|||||r|||| 00| 0
007 ta
008 220915b |||||||| |||| 00| 0 hin d
020 _a8181432541 (hbk)
024 _a537
037 _b482, 27/03/2008, Vani Prakashan
037 _cTextbook
040 _bhin
_aARTS
_cARTS
041 _ahin
082 _aO152,2N44x, P4
100 _aतनवीर, हबीब
245 0 _aपचरंगी
246 _aPacharangī
260 _aनयी
_bदिल्ली वाणी प्रकाशन भारत
_c2004
300 _a80पृ0
_ccm.
942 _hO152,2N44x, P4
_cTB
_2CC
999 _c101017
_d101017